|
|
|
|
| LEADER |
02161nam a2200481 i 4500 |
| 001 |
EBC1798363 |
| 003 |
MiAaPQ |
| 005 |
20200520144314.0 |
| 006 |
m o d | |
| 007 |
cr cnu|||||||| |
| 008 |
141014r20142002enk o 001 0 eng d |
| 020 |
|
|
|z 9780582404854
|
| 020 |
|
|
|a 9781315838441
|q (electronic bk.)
|
| 035 |
|
|
|a (MiAaPQ)EBC1798363
|
| 035 |
|
|
|a (Au-PeEL)EBL1798363
|
| 035 |
|
|
|a (CaPaEBR)ebr10944908
|
| 035 |
|
|
|a (CaONFJC)MIL647680
|
| 035 |
|
|
|a (OCoLC)891589749
|
| 040 |
|
|
|a MiAaPQ
|b eng
|e rda
|e pn
|c MiAaPQ
|d MiAaPQ
|
| 043 |
|
|
|a nc-----
|a cc-----
|a n-mx---
|
| 050 |
|
4 |
|a HC141
|b .C42 2014
|
| 082 |
0 |
|
|a 338.972
|2 21
|
| 245 |
0 |
0 |
|a Challenges and change in Middle America :
|b perspectives on development in Mexico, Central America and the Caribbean /
|c edited by Cathy McIlwaine and Katie Willis.
|
| 264 |
|
1 |
|a Abingdon, Oxon ;
|a New York, New York :
|b Routledge,
|c 2014.
|
| 264 |
|
4 |
|c 2002
|
| 300 |
|
|
|a 1 online resource (305 pages).
|
| 336 |
|
|
|a text
|2 rdacontent
|
| 337 |
|
|
|a computer
|2 rdamedia
|
| 338 |
|
|
|a online resource
|2 rdacarrier
|
| 490 |
1 |
|
|a DARG Regional Development Series ;
|v Number 2
|
| 500 |
|
|
|a Includes index.
|
| 588 |
|
|
|a Description based on print version record.
|
| 590 |
|
|
|a Electronic reproduction. Ann Arbor, MI : ProQuest, 2015. Available via World Wide Web. Access may be limited to ProQuest affiliated libraries.
|
| 651 |
|
0 |
|a Central America
|x Economic conditions
|y 1979-
|
| 651 |
|
0 |
|a Caribbean Area
|x Economic conditions
|y 1945-
|
| 651 |
|
0 |
|a Mexico
|x Economic conditions
|y 1994-
|
| 655 |
|
4 |
|a Electronic books.
|
| 700 |
1 |
|
|a McIlwaine, Cathye,
|e editor.
|
| 700 |
1 |
|
|a Willis, Katie ,
|e editor.
|
| 776 |
0 |
8 |
|i Print version:
|t Challenges and change in Middle America : perspectives on development in Mexico, Central America and the Caribbean.
|d Abingdon, Oxon ; New York, New York : Routledge, 2014, c2002
|h xxii, 282 pages
|k Developing Areas Research Group series ; Number 2.
|z 9780582404854
|w 2001036586
|
| 797 |
2 |
|
|a ProQuest (Firm)
|
| 830 |
|
0 |
|a DARG regional development series ;
|v Number 2.
|
| 856 |
4 |
0 |
|u https://ebookcentral.proquest.com/lib/matrademy/detail.action?docID=1798363
|z Click to View
|